| 000 | 06317nam a22006497a 4500 | ||
|---|---|---|---|
| 005 | 20101220115922.0 | ||
| 010 | _aENG-95994 | ||
| 020 |
_a9788131726860 _c260.00 |
||
| 035 | _aEN-79527 | ||
| 035 | _aB-419739-774 | ||
| 037 | _bDBAD/VEN | ||
| 037 | _bUBH | ||
| 082 | _a351 | ||
| 100 |
_aPathi, K. M. _924949 |
||
| 245 |
_aPublic administration : _cby K. M. Pathi _bworkbook :for UPSC, PCS, NET and other examinations/ |
||
| 260 |
_aDelhi _bDorling Kindersley (India) Pvt. Ltd. Licensees of Pearson Education _c2010 |
||
| 270 |
_a14, Local Shopping Centre, Panchsheel Park _bDelhi _e110017 |
||
| 300 |
_a307p. : _c24 cm. (pbk) |
||
| 942 |
_adpl _cEN _2ddc _mPAT _h351 |
||
| 999 |
_c35139 _d35139 |
||